| 000 | 00516nam a2200169 i 4500 | ||
|---|---|---|---|
| 001 | bg | ||
| 245 | 0 |
_aAnaliza systemowa : _bpodstawy i metodologia : praca zbiorowa / _cpod red. Władysława Findeisena. |
|
| 260 |
_aWarszawa, _c1985. |
||
| 490 | 1 | _aAnaliza Systemowa i Jej Zastosowania | |
| 700 | 1 |
_aFindeisen, Władysław. _eRed. |
|
| 830 | _aAnaliza Systemowa i Jej Zastosowania | ||
| 040 | _cBPK | ||
| 041 | _apol | ||
| 080 | _a519.8:008.2:519.68 | ||
| 942 | _cKS | ||
| 008 | s pl f |000 0 pol | ||
| 999 |
_c22907 _d22907 |
||
| 856 |
_uhttp://koha.tu.koszalin.pl/cgi-bin/koha/opac-detail.pl?biblionumber=22907 _yKatalog online BPK |
||